000
00203nam a22000977a 4500
999
_c
66355
_d
66352
100
_a
Tewitt
245
_a
Hydraulic of Fluid Mechanics
650
_a
Fluid Mechanics
650
_a
Hydraulics
942
_c
BK